Salinity tolerance in plants : (Record no. 480370)

000 -LEADER
fixed length control field 01327cam a2200349 a 4500
001 - CONTROL NUMBER
control field 1878365
003 - CONTROL NUMBER IDENTIFIER
control field ASAB
005 - DATE AND TIME OF LATEST TRANSACTION
control field 20180827062721.0
008 - FIXED-LENGTH DATA ELEMENTS--GENERAL INFORMATION
fixed length control field 830727s1984 nyua b 101 0 eng
010 ## - LIBRARY OF CONGRESS CONTROL NUMBER
LC control number 83014759
020 ## - INTERNATIONAL STANDARD BOOK NUMBER
International Standard Book Number 978-81-7233-732-2
Terms of availability
040 ## - CATALOGING SOURCE
Transcribing agency ASAB
050 00 - LIBRARY OF CONGRESS CALL NUMBER
Classification number QK753.S3
Item number S24 1984
082 00 - DEWEY DECIMAL CLASSIFICATION NUMBER
Classification number 581.19214
Edition number 19
245 00 - TITLE STATEMENT
Title Salinity tolerance in plants :
Remainder of title methods, mechanisms and management
Statement of responsibility, etc. by B.K. Garg, I.C. Gupta
260 ## - PUBLICATION, DISTRIBUTION, ETC.
Place of publication, distribution, etc. India :
Name of publisher, distributor, etc. Scientific Publishers (India),
Date of publication, distribution, etc. c2011.
300 ## - PHYSICAL DESCRIPTION
Extent xv, 435 p. :
Other physical details ill. ;
Dimensions 25 cm.
440 #0 - SERIES STATEMENT/ADDED ENTRY--TITLE
Title Environmental science and technology,
International Standard Serial Number 0194-0287
9 (RLIN) 2429
500 ## - GENERAL NOTE
General note "A Wiley-Interscience publication."
500 ## - GENERAL NOTE
General note Papers presented at an international conference held in Bellagio, Italy, sponsored by the Rockefeller Foundation.
504 ## - BIBLIOGRAPHY, ETC. NOTE
Bibliography, etc. note Includes bibliographies and indexes.
630 ## - SUBJECT ADDED ENTRY--UNIFORM TITLE
Uniform title Salinity Tolerance
9 (RLIN) 3743
630 ## - SUBJECT ADDED ENTRY--UNIFORM TITLE
Uniform title Plants
9 (RLIN) 3744
650 #0 - SUBJECT ADDED ENTRY--TOPICAL TERM
Topical term or geographic name entry element Plants
General subdivision Effect of salt on
Form subdivision Congresses.
9 (RLIN) 2430
650 #0 - SUBJECT ADDED ENTRY--TOPICAL TERM
Topical term or geographic name entry element Salt-tolerant crops
General subdivision Physiology
Form subdivision Congresses.
9 (RLIN) 2431
650 #0 - SUBJECT ADDED ENTRY--TOPICAL TERM
Topical term or geographic name entry element Salt-tolerant crops
General subdivision Breeding
Form subdivision Congresses.
9 (RLIN) 2432
700 1# - ADDED ENTRY--PERSONAL NAME
Personal name Staples, Richard C.
9 (RLIN) 2433
700 1# - ADDED ENTRY--PERSONAL NAME
Personal name Toenniessen, Gary H.
9 (RLIN) 2434
710 2# - ADDED ENTRY--CORPORATE NAME
Corporate name or jurisdiction name as entry element Rockefeller Foundation.
9 (RLIN) 2435
906 ## - LOCAL DATA ELEMENT F, LDF (RLIN)
a 7
b cbc
c orignew
d 1
e ocip
f 19
g y-gencatlg
942 ## - ADDED ENTRY ELEMENTS (KOHA)
Source of classification or shelving scheme
Koha item type Book
Holdings
Withdrawn status Lost status Source of classification or shelving scheme Damaged status Not for loan Permanent Location Current Location Date acquired Total Checkouts Full call number Barcode Date last seen Price effective from Koha item type
          Atta-ur-Rahman School of Applied Biosciences (ASAB) Atta-ur-Rahman School of Applied Biosciences (ASAB) 12/01/2016   581.19214 GAR ASAB2184 04/27/2018 12/01/2016 Book
© 2023 Central Library, National University of Sciences and Technology. All Rights Reserved.